000 00519nam a22001697a 4500
999 _c8307
_d8307
008 201112b ||||| |||| 00| 0 eng d
040 _aBMS College of Architecture
100 _aVasudevan, Anagha
245 _aSama- A path towards inclusion
300 _aNA
500 _a1BM15AT009
502 _8B,Arch
_NBMS College of Architecture, Visvesvaraya Technological University (VTU)
_aProject report
_d2019
650 _aNA
700 _aBhagyalaxmi M
_eGuide
700 _aNisha Mary Poulose
_eGuide
942 _2ddc
_cTHE